000 00436nam a2200181Ia 4500
005 20240823005340.0
008 240823s9999||||xx |||||||||||||| ||und||
041 _aENGLISH
082 _A005.133 N7
100 _aRajaraman V
245 0 _aComputer Programming in C
250 _a1st
260 _c1997
_b"PHI,New Delhi"
500 _aTransfered
650 _aProgramming
_bInformation Technology
942 _cBK
999 _c155466
_d155466